00890nam a22002657a 45000010005000000030006000050050017000110080041000280200015000690400029000840500013001130820008001261000025001342450102001592600039002613000052003004900017003525050008003695200107003775210023004845210020005076500035005276500032005627000030005945182FISKH20250113142036.0241118b cb ||||| |||| 00| 0 eng d a0439173701 aFISKHbengcFISKHdFISKH aD21.M286 a909 aMaynard, Christopher aThe history news revolution : bThe greatest newspapers in civilization /cby Christopher Maynard aNew York : bScholastic ;c2000 .  a30 pages : bcolor illustrations ; c31 pages:  aHistory News aX  aPresents in newspaper format facts relating to the French, American, Russian, and Chinese revolutions.8 a890 bLexile IG 8 aX bRaz-Plus  aRevolutionary WarvNon-fiction asocial studiesvnon-fiction aShakesby, TimeConsultant